LEADER 00914nam0-2200325---450 001 990008187950403321 005 20190520092705.0 010 $a1-56022-109-7 035 $a000818795 035 $aFED01000818795 035 $a(Aleph)000818795FED01 035 $a000818795 100 $a20050916d2003----km-y0itay50------ba 101 0 $aeng 102 $aUS 105 $a--------001y- 200 1 $aBacillus thuringiensis$ea cornerstone of modern agriculture$fMattew Metz editor 210 $aNew York$cFood Products Press$dc2003 215 $aXXII, 242 p.$d21 cm 610 0 $aControllo biologico 610 0 $aPiante transgeniche 676 $a632.96$v20$zita 702 1$aMetz,$bMattew 801 0$aIT$bUNINA$gRICA$2UNIMARC 901 $aBK 912 $a990008187950403321 952 $a60 632.96 METM 2003$b10093$fFAGBC 959 $aFAGBC 996 $aBacillus thuringiensis$9734907 997 $aUNINA LEADER 01023nam2-2200349---450- 001 990003612740203316 005 20120118142924.0 010 $a978-88-02-07751-2 035 $a000361274 035 $aUSA01000361274 035 $a(ALEPH)000361274USA01 035 $a000361274 100 $a20120118d2007----km-y0itay50------ba 101 $aita 102 $aIT 105 $a||||||||001yy 200 1 $a[4]: Atlante 2$egli œstrumenti; nel mondo$fdirezione scientifica di Marcello Flores 210 $aTorino$cUTET$d2007 215 $aP. 639-1245$cill., carte geografiche$d25 cm 461 1$1001000361264$12001 606 0 $aDiritti umani$xStoria$2BNCF 676 $a323 702 1$aFLORES,$bMarcello 801 0$aIT$bsalbc$gISBD 912 $a990003612740203316 951 $a323 DIR 1 4$b233417 L.M.$c323 DIR$d00305336 959 $aBK 969 $aECO 979 $aMARTUCCIEL$b90$c20120118$lUSA01$h1428 979 $aMARTUCCIEL$b90$c20120118$lUSA01$h1429 996 $aAtlante 2$91137356 997 $aUNISA